| 000 | 00682nam a2200193Ia 4500 | ||
|---|---|---|---|
| 003 | GCL | ||
| 008 | 140319s9999 xx 000 0 ara d | ||
| 040 |
_aGCL / _cGCL |
||
| 082 | 0 | 4 |
_a252.53 _bرغ |
| 100 | 1 | _aرويعى بن راجح الرحيلى | |
| 245 | 1 | 0 |
_aفقه امير المؤمنين عمر بن الخطاب رضى الله عنه فى احكام الاحرام / _cرويعى بن راجح الرحيلى |
| 260 |
_aالرياض : _bنادى مكة الثقافى ، _c1990 |
||
| 300 |
_a102 ص ؛ _c24 سم |
||
| 650 | 0 | 4 | _aالحج |
| 650 | 0 | 4 | _aالفقه الاسلامى |
| 650 | 0 | 4 | _aعمر بن الخطاب |
| 650 | 0 | 4 | _aالاحرام |
| 942 |
_2ddc _cBK |
||
| 999 |
_c7064 _d7064 |
||